| 000 | 00696nam a2200241 a 4500 | ||
|---|---|---|---|
| 001 | 73850 | ||
| 003 | BD-RjUL | ||
| 005 | 20211209082444.0 | ||
| 008 | 170613s1966 ne a b 001 0 eng | ||
| 035 | _a(BD-RjUL)74068 | ||
| 040 |
_aDLC _cDLC _dBD-RjUL _beng |
||
| 041 | 0 | _aengfre | |
| 082 | 0 | 0 |
_a541.33 _223 _bSOL 1967 |
| 245 |
_aThe solid-gas interface / _cEdited by E. Alison Flood |
||
| 260 |
_aNew York : _bEdward arnold publishers ltd., _cc1967 |
||
| 300 |
_axii, 514 p. : _bill. ; _c24 cm. |
||
| 500 | _aIncludes index. | ||
| 505 | 0 | _aVol. 1---Vol.2----- | |
| 650 | 0 |
_aSurface chemistry _931275 |
|
| 650 | 0 |
_aAdsorption _931276 |
|
| 700 |
_aFlood, Edward Alison _9218682 |
||
| 942 |
_2ddc _cBK |
||
| 999 |
_c73850 _d73850 |
||